| 000 | 00536nam a22001937a 4500 | ||
|---|---|---|---|
| 005 | 20241111121717.0 | ||
| 008 | 241111b |||||||| |||| 00| 0 eng d | ||
| 020 | _a9789392019142 | ||
| 041 | _aEng. | ||
| 082 | _a158/Gir | ||
| 100 |
_aSakuntala Giri _9209048 |
||
| 110 |
_aRanjita Jena _9209049 |
||
| 245 | _aAPPLIED PSYCHOLOGY FOR BSC NURSING STUDENTS I SEMISTER | ||
| 250 | _a1 ed. | ||
| 260 |
_aJaipur(Rajasthan) _bBookera Publishers & Distributors _c2024 |
||
| 300 | _a236 P. | ||
| 651 |
_aPsychology _9209050 |
||
| 942 | _cDB | ||
| 999 |
_c362153 _d362153 |
||